[Event "Femida-The Cup of Mayor of Kharkiv-2007"]
[Site "Kharkiv"]
[Date "2007.10.21"]
[Round "1"]
[White "Onischuk, V."]
[Black "Erturan, Y."]
[Result "1-0"]
[WhiteElo "2469"]
[BlackElo "2418"]
[PlyCount "99"]
[EventDate "2007.10.21"]
[SourceDate "2007.10.21"]

1. e4 e5 2. Nf3 Nc6 3. Bb5 Nf6 4. d3 Bc5 5. c3 d6 6. Nbd2 O-O 7. h3 a6 8. Ba4
b5 9. Bc2 Bb7 10. Nf1 d5 11. Qe2 dxe4 12. dxe4 Qd6 13. Ng3 Ne7 14. O-O Ng6 15.
Re1 Qc6 16. Nf5 a5 17. b3 Qb6 18. g3 Rfe8 19. Kg2 Ne7 20. Nxe7+ Rxe7 21. Bg5
Re6 22. Rad1 Rae8 23. Bc1 h6 24. Nh4 Nh7 25. Nf5 Rf6 26. f3 Nf8 27. Ne3 c6 28.
Rf1 Qc7 29. a3 Ne6 30. b4 Bf8 31. Bb3 Rg6 32. Kh2 Bc8 33. h4 axb4 34. axb4 h5
35. Rg1 Rf6 36. Nf5 Nd8 37. Bg5 Rxf5 38. exf5 Bxf5 39. Bxd8 Rxd8 40. Rxd8 Qxd8
41. Qxe5 Bg6 42. Rd1 Qb6 43. Kg2 Qa7 44. Rd8 Qa1 45. Bd1 Kh7 46. Be2 Bxb4 47.
Qe8 Bf5 48. cxb4 Qe1 49. Bd3 Qd2+ 50. Qe2 1-0

[Event "Femida-The Cup of Mayor of Kharkiv-2007"]
[Site "Kharkiv"]
[Date "2007.10.21"]
[Round "1"]
[White "Mamedov, N."]
[Black "Simonian, H."]
[Result "1/2-1/2"]
[WhiteElo "2565"]
[BlackElo "2405"]
[PlyCount "57"]
[EventDate "2007.10.21"]
[SourceDate "2007.10.21"]

1. e4 c5 2. Nf3 e6 3. d4 cxd4 4. Nxd4 a6 5. Bd3 Bc5 6. Nb3 Be7 7. Be3 d6 8. Qe2
Nf6 9. N1d2 Nc6 10. O-O-O e5 11. Kb1 O-O 12. f4 Ng4 13. f5 Nxe3 14. Qxe3 Nb4
15. a3 Nxd3 16. Qxd3 b5 17. Nf1 a5 18. Ne3 Ba6 19. Nd5 b4 20. Nxe7+ Qxe7 21.
Qxd6 Qh4 22. a4 Bb7 23. Qxe5 Rfe8 24. Qg3 Qxg3 25. hxg3 Bxe4 26. Rhe1 h5 27.
Re2 Bxf5 28. Rf2 Re5 29. Ka2 1/2-1/2

[Event "Femida-The Cup of Mayor of Kharkiv-2007"]
[Site "Kharkiv"]
[Date "2007.10.21"]
[Round "1"]
[White "Atakisi, U."]
[Black "Aveskulov, V."]
[Result "0-1"]
[WhiteElo "2399"]
[BlackElo "2545"]
[PlyCount "84"]
[EventDate "2007.10.21"]
[SourceDate "2007.10.21"]

1. e4 c5 2. Nf3 d6 3. Bb5+ Nc6 4. O-O Bd7 5. Re1 Nf6 6. h3 Ne5 7. a4 a6 8.
Bxd7+ Nfxd7 9. d3 g6 10. Nxe5 Nxe5 11. Nc3 Bg7 12. Be3 O-O 13. Qd2 e6 14. Bh6
Nc6 15. Bxg7 Kxg7 16. Ne2 Rc8 17. d4 cxd4 18. Nxd4 Nxd4 19. Qxd4+ Qf6 20. Qxf6+
Kxf6 21. c3 Rc4 22. f3 Ke7 23. Kf2 f5 24. e5 d5 25. Ke3 g5 26. Kd3 Rfc8 27.
Rec1 Kf7 28. b3 R4c5 29. Kd4 f4 30. Rc2 Kg6 31. Rh1 b5 32. axb5 axb5 33. h4 b4
34. c4 Kf5 35. hxg5 dxc4 36. bxc4 Rxe5 37. g4+ fxg3 38. c5 Rd8+ 39. Kc4 Rxc5+
40. Kxc5 Rc8+ 41. Kxb4 Rxc2 42. Rh4 Rf2 0-1

[Event "Femida-The Cup of Mayor of Kharkiv-2007"]
[Site "Kharkiv"]
[Date "2007.10.21"]
[Round "1"]
[White "Korobkov, P."]
[Black "Arzumanian, G."]
[Result "1/2-1/2"]
[WhiteElo "2469"]
[BlackElo "2493"]
[PlyCount "48"]
[EventDate "2007.10.21"]
[SourceDate "2007.10.21"]

1. d4 d5 2. c4 e6 3. Nf3 c6 4. e3 Bd6 5. Bd3 f5 6. O-O Nf6 7. b3 Qe7 8. Bb2 O-O
9. Nc3 Ne4 10. Ne2 b6 11. Ne5 Bb7 12. f3 Nf6 13. Qc2 Nbd7 14. cxd5 Nxd5 15. Nc4
Nb4 16. Qd2 Bc7 17. a3 Nxd3 18. Qxd3 Rad8 19. Qc3 Nf6 20. Nf4 c5 21. dxc5 Bxf4
22. exf4 Qxc5+ 23. Kh1 Rf7 24. Qe1 Bd5 1/2-1/2

[Event "Femida-The Cup of Mayor of Kharkiv-2007"]
[Site "Kharkiv"]
[Date "2007.10.21"]
[Round "1"]
[White "Shalimov, V."]
[Black "Sjugirov, S."]
[Result "0-1"]
[WhiteElo "2439"]
[BlackElo "2422"]
[PlyCount "118"]
[EventDate "2007.10.21"]
[SourceDate "2007.10.21"]

1. d4 Nf6 2. Nf3 g6 3. Bg5 Bg7 4. Nbd2 O-O 5. e4 d5 6. Bxf6 exf6 7. exd5 Qxd5
8. Be2 c5 9. dxc5 Qxc5 10. O-O f5 11. c3 Qc7 12. Re1 Nc6 13. Bc4 Bd7 14. Qe2
Rae8 15. Qf1 Ne5 16. Nxe5 Bxe5 17. Nf3 Bf6 18. Rxe8 Rxe8 19. Bb5 Bxb5 20. Qxb5
Rd8 21. Re1 Kg7 22. h3 a6 23. Qe2 Qb6 24. Qc2 Rd6 25. Re2 Qc5 26. Rd2 Rxd2 27.
Nxd2 Qd5 28. Nb3 Qc4 29. Qd1 Qa4 30. Qb1 Qf4 31. Qe1 Qa4 32. Qb1 h5 33. Nd2 Qb5
34. Nb3 Qe2 35. Qc1 Bh4 36. g3 Bf6 37. Qd2 Qf3 38. Qe3 Qd1+ 39. Kg2 Qb1 40. Qd2
Qxa2 41. Nc5 Qc4 42. Qd6 a5 43. Kg1 Qe2 44. h4 b5 45. Nd7 Qe1+ 46. Kg2 Qe4+ 47.
Kg1 Be7 48. Qe5+ Qxe5 49. Nxe5 a4 50. Kf1 Kf6 51. f4 Ke6 52. Ke2 Bf6 53. Nf3 b4
54. Kd3 bxc3 55. bxc3 a3 56. Kc2 a2 57. Kb2 Bxc3+ 58. Kxa2 Kd5 59. Kb3 Bf6 0-1

[Event "Femida-The Cup of Mayor of Kharkiv-2007"]
[Site "Kharkiv"]
[Date "2007.10.21"]
[Round "1"]
[White "Kovchan, A."]
[Black "Zherebukh, Y."]
[Result "1/2-1/2"]
[WhiteElo "2507"]
[BlackElo "2450"]
[PlyCount "99"]
[EventDate "2007.10.21"]
[SourceDate "2007.10.21"]

1. e4 d6 2. d4 Nf6 3. Nc3 g6 4. f4 Bg7 5. Nf3 O-O 6. Bd3 Nc6 7. e5 dxe5 8. fxe5
Nh5 9. Be3 Bg4 10. Be2 f6 11. exf6 Bxf6 12. O-O Ng7 13. Bf2 Bxf3 14. Bxf3 Bxd4
15. Bxd4 Qxd4+ 16. Qxd4 Nxd4 17. Bxb7 Rab8 18. Bd5+ e6 19. Bb3 c5 20. Ne4 c4
21. Bxc4 Rxb2 22. c3 Ne2+ 23. Kh1 Nf4 24. g3 Nh3 25. Rad1 Nf2+ 26. Nxf2 Rbxf2
27. Rxf2 Rxf2 28. Rd6 Rc2 29. Rc6 Rc1+ 30. Kg2 Rc2+ 31. Kg1 Rc1+ 32. Kg2 Rc2+
33. Kh3 Kf7 34. Bb3 Rd2 35. Rc7+ Kf6 36. g4 g5 37. Rxa7 h5 38. Ra4 Rd3+ 39. Kg2
hxg4 40. Rxg4 Nf5 41. Re4 e5 42. Re2 Rxc3 43. Kf1 g4 44. Re4 Rh3 45. Kg1 Nd4
46. Rxg4 Nxb3 47. axb3 Rxb3 48. Rg3 Rb2 49. Rf3+ Kg5 50. Rf2 1/2-1/2

[Event "Femida-The Cup of Mayor of Kharkiv-2007"]
[Site "Kharkiv"]
[Date "2007.10.22"]
[Round "2"]
[White "Erturan, Y."]
[Black "Zherebukh, Y."]
[Result "0-1"]
[WhiteElo "2418"]
[BlackElo "2450"]
[PlyCount "106"]
[EventDate "2007.10.21"]
[SourceDate "2007.10.21"]

1. e4 c5 2. Nf3 d6 3. c3 Nf6 4. Bd3 Bg4 5. Bc2 g6 6. d3 Bxf3 7. Qxf3 Bg7 8. e5
dxe5 9. Qxb7 Nbd7 10. O-O O-O 11. Nd2 Ne8 12. Nc4 Nd6 13. Qa6 Nb6 14. Be3 Nbxc4
15. dxc4 Qb6 16. Qxb6 axb6 17. Bd3 e4 18. Be2 f5 19. f4 Kf7 20. a4 Ke6 21. Ra3
Rfc8 22. Rfa1 Nb7 23. Rb1 Kd6 24. b4 Ra6 25. Kf2 Rca8 26. Rab3 Kc7 27. a5 bxa5
28. bxc5 Nd8 29. Bd4 Bf6 30. Ke3 a4 31. Ra3 Ne6 32. Rb4 Kc6 33. Rb6+ Rxb6 34.
cxb6 Nc5 35. Bd1 Kxb6 36. Bxc5+ Kxc5 37. Rxa4 Rd8 38. Be2 Bxc3 39. Kf2 Bd4+ 40.
Kf1 Rb8 41. Ra5+ Kc6 42. Rb5 Ra8 43. Rb1 Ra2 44. g3 Be3 45. Rd1 Kc5 46. Rb1 Kd4
47. Rd1+ Kc3 48. Rb1 Kc2 49. Rb5 Ra1+ 50. Kg2 Rg1+ 51. Kh3 Kd2 52. Rb2+ Kc3 53.
Ra2 Kb3 0-1

[Event "Femida-The Cup of Mayor of Kharkiv-2007"]
[Site "Kharkiv"]
[Date "2007.10.22"]
[Round "2"]
[White "Sjugirov, S."]
[Black "Kovchan, A."]
[Result "1/2-1/2"]
[WhiteElo "2422"]
[BlackElo "2507"]
[PlyCount "62"]
[EventDate "2007.10.21"]
[SourceDate "2007.10.21"]

1. e4 c5 2. Nf3 Nc6 3. d4 cxd4 4. Nxd4 e6 5. Nc3 a6 6. Nxc6 bxc6 7. Bd3 d5 8.
O-O Nf6 9. Re1 Be7 10. e5 Nd7 11. Qg4 g6 12. Na4 h5 13. Qe2 Nb6 14. Nxb6 Qxb6
15. c4 d4 16. Qc2 c5 17. Bd2 a5 18. Rab1 Bb7 19. a3 Kd7 20. b3 Rhb8 21. Rb2 Bc6
22. Be4 Bxe4 23. Qxe4 Qc6 24. Qd3 Ke8 25. Reb1 Rb7 26. h3 Qc7 27. f4 Rab8 28.
a4 h4 29. Qe4 Kd7 30. Kf1 Ra7 31. Ke2 Qc6 1/2-1/2

[Event "Femida-The Cup of Mayor of Kharkiv-2007"]
[Site "Kharkiv"]
[Date "2007.10.22"]
[Round "2"]
[White "Arzumanian, G."]
[Black "Shalimov, V."]
[Result "1/2-1/2"]
[WhiteElo "2493"]
[BlackElo "2439"]
[PlyCount "51"]
[EventDate "2007.10.21"]
[SourceDate "2007.10.21"]

1. e4 c5 2. Nc3 d6 3. Nf3 Nf6 4. d4 cxd4 5. Nxd4 g6 6. Be2 Bg7 7. O-O O-O 8.
Nb3 a6 9. Re1 Nbd7 10. Bf1 b6 11. Nd5 Bb7 12. c4 Nxe4 13. Rxe4 e6 14. g3 exd5
15. cxd5 Re8 16. Rxe8+ Qxe8 17. Bg2 Rc8 18. Rb1 Ne5 19. Nd4 Rc5 20. Ne2 Qa8 21.
Nc3 Nc4 22. b3 Ne5 23. Na4 Rb5 24. Nc3 Rc5 25. Na4 Rb5 26. Nc3 1/2-1/2

[Event "Femida-The Cup of Mayor of Kharkiv-2007"]
[Site "Kharkiv"]
[Date "2007.10.22"]
[Round "2"]
[White "Aveskulov, V."]
[Black "Korobkov, P."]
[Result "0-1"]
[WhiteElo "2545"]
[BlackElo "2469"]
[PlyCount "88"]
[EventDate "2007.10.21"]
[SourceDate "2007.10.21"]

1. e4 c6 2. d4 d5 3. Nc3 dxe4 4. Nxe4 Bf5 5. Ng3 Bg6 6. h4 h6 7. Nf3 Nd7 8. h5
Bh7 9. Bd3 Bxd3 10. Qxd3 e6 11. Bf4 Qa5+ 12. Bd2 Bb4 13. c3 Be7 14. c4 Qc7 15.
O-O-O Ngf6 16. Rde1 b5 17. c5 O-O 18. Ne2 Ng4 19. Ref1 Rfd8 20. Qc2 a5 21. Rh3
Kh8 22. Rg3 Ngf6 23. Bf4 Qb7 24. Ne5 Nxe5 25. Bxe5 b4 26. Kb1 Qb5 27. Re1 a4
28. Qc1 Rd7 29. Nf4 Rad8 30. Qe3 Kg8 31. Rc1 Kh8 32. Ka1 Rb7 33. Nh3 Bf8 34.
Rxg7 Kxg7 35. g4 Be7 36. g5 hxg5 37. Qxg5+ Kh7 38. Bxf6 Rg8 39. Qf4 Bxf6 40.
Qxf6 a3 41. Ng5+ Rxg5 42. Qxg5 Qe2 43. Rb1 b3 44. Qc1 Ra7 0-1

[Event "Femida-The Cup of Mayor of Kharkiv-2007"]
[Site "Kharkiv"]
[Date "2007.10.22"]
[Round "2"]
[White "Simonian, H."]
[Black "Atakisi, U."]
[Result "1/2-1/2"]
[WhiteElo "2405"]
[BlackElo "2399"]
[PlyCount "120"]
[EventDate "2007.10.21"]
[SourceDate "2007.10.21"]

1. e4 e5 2. Nf3 Nc6 3. Bb5 Nf6 4. O-O Nxe4 5. d4 Nd6 6. Bxc6 dxc6 7. dxe5 Nf5
8. Qe2 Nd4 9. Nxd4 Qxd4 10. Rd1 Bg4 11. Rxd4 Bxe2 12. Bf4 Bc5 13. Rd2 Bg4 14.
a3 Rd8 15. h3 Be6 16. Rxd8+ Kxd8 17. Nd2 h6 18. Ne4 Be7 19. g4 Kc8 20. Rd1 a5
21. Ng3 Rd8 22. Rxd8+ Kxd8 23. Bd2 a4 24. f4 Bd5 25. c3 Kd7 26. f5 c5 27. Nh5
Bf8 28. Kf2 Kc6 29. Nf4 Ba2 30. h4 Be7 31. Kg3 Bb1 32. c4 Ba2 33. Nd5 Kd7 34.
Ne3 c6 35. Bc3 g6 36. e6+ Ke8 37. fxg6 fxg6 38. h5 gxh5 39. gxh5 Bd6+ 40. Kg4
Ke7 41. Nf5+ Kxe6 42. Nxh6 Bxc4 43. Nf5 Be2+ 44. Kg5 Be7+ 45. Nxe7 Kxe7 46. Kg6
Ke6 47. h6 Bd3+ 48. Kg7 Kd5 49. h7 Bxh7 50. Kxh7 Kc4 51. Kg6 b5 52. Kf5 b4 53.
Bf6 bxa3 54. bxa3 Kb3 55. Ke4 Kxa3 56. Kd3 Kb3 57. Kd2 c4 58. Bg7 a3 59. Bf6 c5
60. Bg7 Kb4 1/2-1/2

[Event "Femida-The Cup of Mayor of Kharkiv-2007"]
[Site "Kharkiv"]
[Date "2007.10.22"]
[Round "2"]
[White "Onischuk, V."]
[Black "Mamedov, N."]
[Result "1/2-1/2"]
[WhiteElo "2469"]
[BlackElo "2565"]
[PlyCount "75"]
[EventDate "2007.10.21"]
[SourceDate "2007.10.21"]

1. e4 c5 2. Nf3 d6 3. d4 cxd4 4. Nxd4 Nf6 5. Nc3 Nc6 6. Be2 e5 7. Nf3 h6 8. O-O
Be7 9. Re1 O-O 10. h3 a6 11. a4 Qc7 12. Bf1 Be6 13. b3 Rac8 14. Ba3 Rfd8 15.
Nd5 Bxd5 16. exd5 Nb8 17. c4 a5 18. Rc1 Bf8 19. Bd3 Nbd7 20. Bb1 g6 21. Nd2 b6
22. Bb2 Bg7 23. Rc3 Rf8 24. Rce3 Nh7 25. Rg3 Ndf6 26. Rge3 Nh5 27. Ne4 f5 28.
Nc3 Qd7 29. Nb5 Ng5 30. h4 Nh7 31. Ba3 Rc5 32. Bxc5 bxc5 33. Qd2 Qd8 34. g3 Qb6
35. Bc2 N5f6 36. Bd1 h5 37. f4 e4 38. Kg2 1/2-1/2

[Event "Femida-The Cup of Mayor of Kharkiv-2007"]
[Site "Kharkiv"]
[Date "2007.10.23"]
[Round "3"]
[White "Mamedov, N."]
[Black "Erturan, Y."]
[Result "1/2-1/2"]
[WhiteElo "2565"]
[BlackElo "2418"]
[PlyCount "47"]
[EventDate "2007.10.21"]
[SourceDate "2007.10.21"]

1. e4 e5 2. Nf3 Nc6 3. Bb5 Nf6 4. Qe2 d6 5. c3 Be7 6. O-O O-O 7. h3 a6 8. Ba4
b5 9. Bb3 Be6 10. Bxe6 fxe6 11. d4 Nd7 12. a4 exd4 13. cxd4 Rb8 14. axb5 axb5
15. d5 exd5 16. exd5 Nce5 17. Nd4 Qe8 18. f4 Ng6 19. Nc6 Bf6 20. Qg4 Rb7 21.
Nc3 b4 22. Na2 b3 23. Nab4 Nc5 24. Ra7 1/2-1/2

[Event "Femida-The Cup of Mayor of Kharkiv-2007"]
[Site "Kharkiv"]
[Date "2007.10.23"]
[Round "3"]
[White "Atakisi, U."]
[Black "Onischuk, V."]
[Result "1/2-1/2"]
[WhiteElo "2399"]
[BlackElo "2469"]
[PlyCount "141"]
[EventDate "2007.10.21"]
[SourceDate "2007.10.21"]

1. e4 g6 2. d4 Bg7 3. Nc3 c6 4. Nf3 d6 5. Be3 Nf6 6. h3 O-O 7. Qd2 Nbd7 8. Bd3
e5 9. O-O Re8 10. dxe5 dxe5 11. a4 a5 12. Bc4 Qe7 13. Rfd1 Rf8 14. Qd6 Qxd6 15.
Rxd6 Re8 16. Ng5 Re7 17. Rdd1 h6 18. Nf3 Bf8 19. Ne1 Re8 20. Nd3 Kg7 21. f3 Bd6
22. Ne2 Bc7 23. Kf2 Bb6 24. Bb3 Bxe3+ 25. Kxe3 Kf8 26. Rd2 b6 27. Bc4 Bb7 28.
Nc3 Ke7 29. Rad1 Red8 30. Nc1 Rac8 31. Nb3 Rc7 32. Nc1 Ne8 33. N3e2 f6 34. Nb3
Rb8 35. h4 Nf8 36. h5 g5 37. g4 Rd7 38. Rxd7+ Nxd7 39. Ng3 Nd6 40. Be2 Bc8 41.
Nf5+ Nxf5+ 42. exf5 Nf8 43. Nd2 Nd7 44. Ne4 Nc5 45. Nxc5 bxc5 46. b3 Rb4 47.
Bc4 Bd7 48. Rd2 Bc8 49. Rd3 Bd7 50. Kd2 Bc8 51. Kc1 Bd7 52. Rd2 Bc8 53. Kb2 Bd7
54. Kc3 Bc8 55. Kd3 Bd7 56. Ke3 Bc8 57. Rd1 Bd7 58. Rd3 Bc8 59. Rd2 Bd7 60. Rd1
Bc8 61. Kd2 Bd7 62. Kc1 Bc8 63. Kb2 Bd7 64. Ka3 Bc8 65. Rd2 Rb6 66. Bd3 Bd7 67.
Be4 Be8 68. c3 Bf7 69. Rb2 Kd6 70. Rd2+ Kc7 71. c4 1/2-1/2

[Event "Femida-The Cup of Mayor of Kharkiv-2007"]
[Site "Kharkiv"]
[Date "2007.10.23"]
[Round "3"]
[White "Korobkov, P."]
[Black "Simonian, H."]
[Result "1/2-1/2"]
[WhiteElo "2469"]
[BlackElo "2405"]
[PlyCount "74"]
[EventDate "2007.10.21"]
[SourceDate "2007.10.21"]

1. d4 Nf6 2. c4 b6 3. Nc3 Bb7 4. f3 d5 5. cxd5 Nxd5 6. e4 Nxc3 7. bxc3 e6 8.
Be3 Be7 9. Bb5+ c6 10. Bc4 O-O 11. Ne2 c5 12. O-O cxd4 13. cxd4 Nc6 14. f4 Rc8
15. Rc1 Ba3 16. Rc3 Qe7 17. f5 exf5 18. Bd5 Bb4 19. Rc1 fxe4 20. Ng3 Qd7 21.
Qh5 g6 22. Nxe4 Be7 23. Rxf7 gxh5 24. Nf6+ Bxf6 25. Rxd7+ Kh8 26. Rxb7 Bxd4 27.
Bxd4+ Nxd4 28. Rxc8 Ne2+ 29. Kh1 Rxc8 30. h4 Rc5 31. Bf3 Nd4 32. Be4 Nf5 33.
Bxf5 Rxf5 34. Rxa7 Rf4 35. g3 Rf2 36. Kg1 Rb2 37. Kf1 Kg8 1/2-1/2

[Event "Femida-The Cup of Mayor of Kharkiv-2007"]
[Site "Kharkiv"]
[Date "2007.10.23"]
[Round "3"]
[White "Shalimov, V."]
[Black "Aveskulov, V."]
[Result "0-1"]
[WhiteElo "2439"]
[BlackElo "2545"]
[PlyCount "86"]
[EventDate "2007.10.21"]
[SourceDate "2007.10.21"]

1. d4 Nf6 2. Nf3 c5 3. d5 g6 4. Nc3 Bg7 5. e4 d6 6. Bb5+ Nfd7 7. O-O Na6 8. Re1
O-O 9. Bf4 Nc7 10. Bf1 b5 11. Nxb5 Nxb5 12. Bxb5 Bxb2 13. Rb1 Bc3 14. Re3 Bg7
15. Qe1 Rb8 16. Reb3 Qc7 17. h3 Nb6 18. Nd2 f5 19. Bf1 fxe4 20. Be3 e6 21. dxe6
Bxe6 22. c4 Qc6 23. Qc1 h5 24. Qc2 Bf5 25. Be2 Rfe8 26. Rb5 Bd7 27. Ra5 Qc7 28.
Ra6 Bc6 29. Rb3 Qd7 30. Qb1 Kh7 31. Bd1 Qb7 32. Ra5 Qc7 33. Ra6 Qb7 34. Ra5 Qe7
35. Bc2 Rbd8 36. Ra6 d5 37. Rbxb6 axb6 38. Qxb6 d4 39. Qxc6 dxe3 40. Qxg6+ Kg8
41. Nxe4 e2 42. f4 e1=Q+ 43. Kh2 Q1xe4 0-1

[Event "Femida-The Cup of Mayor of Kharkiv-2007"]
[Site "Kharkiv"]
[Date "2007.10.23"]
[Round "3"]
[White "Kovchan, A."]
[Black "Arzumanian, G."]
[Result "1/2-1/2"]
[WhiteElo "2507"]
[BlackElo "2493"]
[PlyCount "21"]
[EventDate "2007.10.21"]
[SourceDate "2007.10.21"]

1. c4 g6 2. Nc3 Bg7 3. g3 c5 4. Bg2 Nc6 5. e3 e5 6. Nge2 Nge7 7. d3 O-O 8. O-O
d6 9. a3 a5 10. Rb1 Be6 11. Nd5 1/2-1/2

[Event "Femida-The Cup of Mayor of Kharkiv-2007"]
[Site "Kharkiv"]
[Date "2007.10.23"]
[Round "3"]
[White "Zherebukh, Y."]
[Black "Sjugirov, S."]
[Result "1/2-1/2"]
[WhiteElo "2450"]
[BlackElo "2422"]
[PlyCount "61"]
[EventDate "2007.10.21"]
[SourceDate "2007.10.21"]

1. e4 c5 2. Nf3 d6 3. d4 cxd4 4. Nxd4 Nf6 5. Nc3 a6 6. Be3 e5 7. Nb3 Be6 8. f3
Be7 9. Qd2 O-O 10. O-O-O Nbd7 11. g4 b5 12. Rg1 b4 13. Nd5 Bxd5 14. exd5 a5 15.
g5 Nh5 16. Kb1 a4 17. Nc1 Qa5 18. Nd3 Rfb8 19. Rg4 Nf4 20. Nxf4 exf4 21. Bxf4
Bf8 22. Bg3 g6 23. Rc4 Nc5 24. h4 Qb6 25. Bf2 Bg7 26. Bd4 Bxd4 27. Qxd4 b3 28.
cxb3 axb3 29. a3 Qd8 30. Bh3 Qe7 31. f4 1/2-1/2

[Event "Femida-The Cup of Mayor of Kharkiv-2007"]
[Site "Kharkiv"]
[Date "2007.10.24"]
[Round "4"]
[White "Erturan, Y."]
[Black "Sjugirov, S."]
[Result "0-1"]
[WhiteElo "2418"]
[BlackElo "2422"]
[PlyCount "82"]
[EventDate "2007.10.21"]
[SourceDate "2007.10.21"]

1. e4 c5 2. Nf3 d6 3. Bb5+ Nc6 4. O-O Bd7 5. c3 Nf6 6. Re1 a6 7. Ba4 b5 8. Bc2
Bg4 9. d4 cxd4 10. cxd4 e5 11. d5 Nd4 12. Bd3 Nh5 13. Be3 Nxf3+ 14. gxf3 Bd7
15. a4 bxa4 16. Nc3 Be7 17. Nxa4 Rb8 18. Bxa6 Bg5 19. Bf1 Bf4 20. Bxf4 Nxf4 21.
Nc3 O-O 22. Ne2 Nh3+ 23. Bxh3 Bxh3 24. Kh1 Rxb2 25. Rg1 Qf6 26. Rg3 Bd7 27. Rb1
Rxb1 28. Qxb1 h5 29. Qb3 Kh7 30. Qe3 Ra8 31. Rg1 Ra2 32. Rb1 Bc8 33. Ng1 Qh4
34. Kg2 f5 35. exf5 Bxf5 36. Rb6 Qf6 37. Nh3 Bxh3+ 38. Kxh3 Qf5+ 39. Kg2 Qg6+
40. Kh3 Ra4 41. Qc1 Rf4 0-1

[Event "Femida-The Cup of Mayor of Kharkiv-2007"]
[Site "Kharkiv"]
[Date "2007.10.24"]
[Round "4"]
[White "Arzumanian, G."]
[Black "Zherebukh, Y."]
[Result "1/2-1/2"]
[WhiteElo "2493"]
[BlackElo "2450"]
[PlyCount "106"]
[EventDate "2007.10.21"]
[SourceDate "2007.10.21"]

1. e4 c5 2. Nf3 d6 3. d4 cxd4 4. Nxd4 Nf6 5. Nc3 a6 6. Be2 e6 7. O-O Be7 8. a4
Nc6 9. Be3 O-O 10. f4 Qc7 11. Kh1 Re8 12. Bd3 Nb4 13. a5 Bd7 14. Qe1 Ng4 15.
Bg1 e5 16. Nde2 Bc6 17. h3 Nf6 18. fxe5 dxe5 19. Ng3 g6 20. Be3 Rad8 21. Bb6
Qd6 22. Rf3 Qe6 23. Qf2 Rc8 24. Bf1 h5 25. b3 Bd7 26. Bc4 Rxc4 27. bxc4 Qxc4
28. Re1 Nh7 29. Qd2 Be6 30. Nf1 Rc8 31. Qe2 Ng5 32. Re3 Qc6 33. Rc1 Bc4 34. Qf2
Ne6 35. h4 Nd4 36. Nh2 Qf6 37. Nf3 Be6 38. Kg1 Nxf3+ 39. Rxf3 Qxh4 40. Qxh4
Bxh4 41. Na4 Na2 42. Rb1 Rxc2 43. Bf2 Bd8 44. Nc5 Bg4 45. Ra3 Nc3 46. Rxb7 Ne2+
47. Kh2 Bg5 48. Nd3 h4 49. Rb2 Rc4 50. Rb4 Rc2 51. Rb2 Rc4 52. Rb4 Rc2 53. Rb2
Rc4 1/2-1/2

[Event "Femida-The Cup of Mayor of Kharkiv-2007"]
[Site "Kharkiv"]
[Date "2007.10.24"]
[Round "4"]
[White "Aveskulov, V."]
[Black "Kovchan, A."]
[Result "1/2-1/2"]
[WhiteElo "2545"]
[BlackElo "2507"]
[PlyCount "27"]
[EventDate "2007.10.21"]
[SourceDate "2007.10.21"]

1. e4 d6 2. d4 Nf6 3. Nc3 e5 4. Nf3 Nbd7 5. Bc4 exd4 6. Nxd4 g6 7. O-O Bg7 8.
Re1 O-O 9. h3 h6 10. a4 Nc5 11. Nb3 Nxb3 12. Bxb3 Re8 13. Bf4 Be6 14. Bxe6
1/2-1/2

[Event "Femida-The Cup of Mayor of Kharkiv-2007"]
[Site "Kharkiv"]
[Date "2007.10.24"]
[Round "4"]
[White "Simonian, H."]
[Black "Shalimov, V."]
[Result "0-1"]
[WhiteElo "2405"]
[BlackElo "2439"]
[PlyCount "75"]
[EventDate "2007.10.21"]
[SourceDate "2007.10.21"]

1. e4 c5 2. Nc3 d6 3. g3 g6 4. Bg2 Bg7 5. Nge2 Nc6 6. d3 Nf6 7. O-O O-O 8. h3
Rb8 9. Be3 b5 10. Qd2 b4 11. Nd1 e5 12. f4 exf4 13. Bxf4 Ne8 14. Bh6 Be6 15.
Bxg7 Kxg7 16. Ne3 Nf6 17. d4 cxd4 18. Nxd4 Ne5 19. Rad1 Rb6 20. Rf2 Nfd7 21.
Rdf1 Kg8 22. h4 a5 23. b3 Ra6 24. Nef5 gxf5 25. exf5 Bxb3 26. axb3 Kh8 27. f6
Rg8 28. Ne2 Rg6 29. Bb7 Qb6 30. h5 Rxf6 31. Qd4 Rxf2 32. Rxf2 Qxb7 33. h6 Qb6
34. Qe4 d5 35. Qxd5 Qc6 36. Qd3 Qxh6 37. Rxf7 Rd6 38. Qe4 0-1

[Event "Femida-The Cup of Mayor of Kharkiv-2007"]
[Site "Kharkiv"]
[Date "2007.10.24"]
[Round "4"]
[White "Onischuk, V."]
[Black "Korobkov, P."]
[Result "1/2-1/2"]
[WhiteElo "2469"]
[BlackElo "2469"]
[PlyCount "65"]
[EventDate "2007.10.21"]
[SourceDate "2007.10.21"]

1. e4 d5 2. exd5 Nf6 3. d4 Nxd5 4. Nf3 Bf5 5. Bc4 e6 6. O-O Be7 7. Re1 O-O 8.
h3 Nb4 9. Na3 Nd5 10. Bf1 c5 11. c4 Nb4 12. Be3 Nd7 13. Re2 Nf6 14. dxc5 Qc8
15. Nb5 Bd3 16. Rd2 Bxf1 17. Qxf1 Ne4 18. Re2 a5 19. a3 Nc6 20. Qb1 Nxc5 21.
Bxc5 Bxc5 22. Ng5 g6 23. Qd3 Qd8 24. Qg3 Be7 25. Ne4 Qb8 26. Qc3 Qf4 27. c5
Rfd8 28. Nbd6 Rab8 29. b3 Qe5 30. Rc1 Qxc3 31. Rxc3 b6 32. cxb6 Rxb6 33. Nc4
1/2-1/2

[Event "Femida-The Cup of Mayor of Kharkiv-2007"]
[Site "Kharkiv"]
[Date "2007.10.24"]
[Round "4"]
[White "Mamedov, N."]
[Black "Atakisi, U."]
[Result "1-0"]
[WhiteElo "2565"]
[BlackElo "2399"]
[PlyCount "57"]
[EventDate "2007.10.21"]
[SourceDate "2007.10.21"]

1. e4 e5 2. Nf3 Nc6 3. Bb5 Nf6 4. Qe2 Bc5 5. c3 O-O 6. O-O Re8 7. d3 h6 8. Be3
Bf8 9. h3 a6 10. Ba4 b5 11. Bc2 g6 12. a4 Bb7 13. Nbd2 Bg7 14. Nb3 d6 15. Nh2
Qd7 16. Qd2 Kh7 17. f4 exf4 18. Rxf4 bxa4 19. Rxa4 Rab8 20. Ra1 Ne5 21. Na5 Ba8
22. Ba4 Nc6 23. Raf1 Re5 24. Bxc6 Bxc6 25. Nxc6 Qxc6 26. Rxf6 Bxf6 27. Rxf6 Re7
28. Qf2 Kg7 29. Bd4 1-0

[Event "Femida-The Cup of Mayor of Kharkiv-2007"]
[Site "Kharkiv"]
[Date "2007.10.24"]
[Round "5"]
[White "Korobkov, P."]
[Black "Mamedov, N."]
[Result "1/2-1/2"]
[WhiteElo "2469"]
[BlackElo "2565"]
[PlyCount "28"]
[EventDate "2007.10.21"]
[SourceDate "2007.10.21"]

1. d4 Nf6 2. Bg5 d5 3. e3 g6 4. Nd2 Bg7 5. Bd3 O-O 6. Ngf3 c5 7. c3 b6 8. O-O
Bb7 9. Qb1 Nbd7 10. b4 cxd4 11. cxd4 h6 12. Bf4 Nh5 13. Qb2 g5 14. Be5 Nxe5
1/2-1/2

[Event "Femida-The Cup of Mayor of Kharkiv-2007"]
[Site "Kharkiv"]
[Date "2007.10.24"]
[Round "5"]
[White "Shalimov, V."]
[Black "Onischuk, V."]
[Result "1-0"]
[WhiteElo "2439"]
[BlackElo "2469"]
[PlyCount "113"]
[EventDate "2007.10.21"]
[SourceDate "2007.10.21"]

1. d4 Nf6 2. Nf3 g6 3. Bg5 Bg7 4. Nbd2 O-O 5. e4 d6 6. c3 Nbd7 7. Be2 e5 8.
dxe5 dxe5 9. O-O Qe7 10. Qc2 a6 11. Rfe1 b6 12. Nc4 Bb7 13. Bf1 h6 14. Bh4 Rad8
15. Nfd2 h5 16. Ne3 Bh6 17. f3 c6 18. b4 Kg7 19. Ndc4 b5 20. Na5 Ba8 21. a3 Rc8
22. Rad1 Rfd8 23. c4 Nf8 24. c5 Ne6 25. Qc3 Nd4 26. Nc2 Nxc2 27. Qxc2 Bf4 28.
Bf2 Bh6 29. g3 Qe6 30. h4 g5 31. hxg5 Bxg5 32. Qb3 Qxb3 33. Nxb3 Kf8 34. Bh3
Rb8 35. Kf1 Ke7 36. Ke2 Ne8 37. Be3 Bf6 38. Bf5 Ng7 39. Rh1 Nxf5 40. exf5 Rh8
41. Nd2 Rbd8 42. Ne4 Rd5 43. g4 hxg4 44. fxg4 Rxd1 45. Rxd1 Rh2+ 46. Bf2 Bh4
47. Kf3 Bxf2 48. Nxf2 Bb7 49. Rd6 Rh8 50. f6+ Ke8 51. Nd3 Rh3+ 52. Ke4 Rg3 53.
Nxe5 Rxa3 54. g5 Ra1 55. g6 Re1+ 56. Kd4 Rd1+ 57. Kc3 1-0